| 000 | 00643nam a22001817a 4500 | ||
|---|---|---|---|
| 999 |
_c60960 _d60960 |
||
| 005 | 20231130100329.0 | ||
| 008 | 231130s2004 ru ||||| |||| 00| 0 rus d | ||
| 020 | _a5170122101 | ||
| 041 | _arus | ||
| 080 | _a94(33) Ф-69 | ||
| 100 |
_aФлавий, Иосиф _920206 |
||
| 245 |
_aИудейские древности : _bтом 2ю Книги 13-20 / _cИосиф Флавий. |
||
| 264 |
_aМосква : _bЛадомир, _c2004. |
||
| 300 |
_a613 с. _b21 см. |
||
| 653 | _aებრაელი ხალხის სიძველის შესახებ | ||
| 653 | _aისტორია | ||
| 942 |
_2udc _cᲬᲘᲒᲜᲘ |
||